| 000 | 00645nam a2200169 i 4500 | ||
|---|---|---|---|
| 001 | 158202 | ||
| 003 | ES-MaACL | ||
| 005 | 20230906211044.0 | ||
| 008 | 040825s1891 fr |||| | fre d | ||
| 040 |
_aCAM _bspa _cCAM |
||
| 100 | 1 |
_aLuchaire, Achille. _974570 |
|
| 245 | 1 | 0 |
_aHistoire des institutions monarchiques de la France sous les premiers capétiens (987-1180) / _cpar Achille Luchaire. |
| 250 | _a2e éd. | ||
| 260 |
_aParis : _bAlphonse Picard éditeur, _c1891 ( _eMacon : _fProtat frères imprimeurs) |
||
| 300 |
_a2 v. ; _c24 cm. |
||
| 852 |
_aES-MaACL _jB-13037 _z-- Enc. hol. conservando la cub. original _q-- Sólo t.II (382 p.) |
||
| 999 |
_c158202 _d158202 |
||